RN maternal newborn nursing. / (Record no. 9264)
[ view plain ]
| 000 -LEADER | |
|---|---|
| fixed length control field | 01644nam a22002537a 4500 |
| 003 - CONTROL NUMBER IDENTIFIER | |
| control field | OSt |
| 005 - DATE AND TIME OF LATEST TRANSACTION | |
| control field | 20221007151654.0 |
| 008 - FIXED-LENGTH DATA ELEMENTS--GENERAL INFORMATION | |
| fixed length control field | 180205b xxu||||| |||| 00| 0 eng d |
| 020 ## - INTERNATIONAL STANDARD BOOK NUMBER | |
| International Standard Book Number | 9781933107561 |
| 040 ## - CATALOGING SOURCE | |
| Transcribing agency | WIUC-GH |
| 050 ## - LIBRARY OF CONGRESS CALL NUMBER | |
| Classification number | RG951.R477 |
| 245 ## - TITLE STATEMENT | |
| Title | RN maternal newborn nursing. / |
| Statement of responsibility, etc. | Editor: Jeann Wissman |
| 250 ## - EDITION STATEMENT | |
| Edition statement | 7.1 ed.[Review module] |
| 260 ## - PUBLICATION, DISTRIBUTION, ETC. | |
| Place of publication, distribution, etc. | Leawood, Kansas: |
| Name of publisher, distributor, etc. | Assessment Technologies Institute, |
| Date of publication, distribution, etc. | 2007. |
| 300 ## - PHYSICAL DESCRIPTION | |
| Extent | x, 468 p: |
| 490 ## - SERIES STATEMENT | |
| Series statement | Content Mastery Series |
| 505 ## - FORMATTED CONTENTS NOTE | |
| Formatted contents note | Contents: <br/>Unit 1: Antepartum: - Reproductive cycle -- Fetal development -- Normal physiological physiological changes of pregnancy -- Nutrition and pregnancy -- Perinatal cultural awareness -- Prenatal and childbirth education -- Antepartum: Diagnostic interventions -- Complications of pregnancy <br/>Unit 2: Intrapartum - Labor and birth processes -- Pain management -- Fetal assessment during labor -- Nursing care during the stages of labor -- Therapeutic procedures nursing care labor and delivery -- Complications of labor and birth -- <br/>Unit 3: Postpartum - Postpartum physiological changes and nursing care -- Bonding and integration of infant into family structure -- Discharge teaching: postpartal care -- <br/>Unit 4 - Newborn assessment -- Nursing care of he newborn -- Meeting the nutritional need of the newborn -- Circumcision -- Assessment and management of newborn complications Discharge teaching: newborn care<br/><br/> |
| 650 ## - SUBJECT ADDED ENTRY--TOPICAL TERM | |
| Topical term or geographic name entry element | Midwifery |
| 9 (RLIN) | 555 |
| 690 ## - LOCAL SUBJECT ADDED ENTRY--TOPICAL TERM (OCLC, RLIN) | |
| Topical term or geographic name as entry element | Maternity nursing |
| 9 (RLIN) | 556 |
| 690 ## - LOCAL SUBJECT ADDED ENTRY--TOPICAL TERM (OCLC, RLIN) | |
| Topical term or geographic name as entry element | Family Health |
| 9 (RLIN) | 557 |
| 690 ## - LOCAL SUBJECT ADDED ENTRY--TOPICAL TERM (OCLC, RLIN) | |
| Topical term or geographic name as entry element | Maternal -- Child Nursing |
| 9 (RLIN) | 558 |
| 700 ## - ADDED ENTRY--PERSONAL NAME | |
| Personal name | Wissman, Jeanne |
| 9 (RLIN) | 559 |
| 942 ## - ADDED ENTRY ELEMENTS (KOHA) | |
| Source of classification or shelving scheme | Library of Congress Classification |
| Koha item type | Books |
| Withdrawn status | Lost status | Source of classification or shelving scheme | Damaged status | Not for loan | Home library | Current library | Shelving location | Date acquired | Total Checkouts | Full call number | Barcode | Date last seen | Price effective from | Koha item type |
|---|---|---|---|---|---|---|---|---|---|---|---|---|---|---|
| Library of Congress Classification | WISCONSIN INTERNATIONAL UNIVERSITY COLLEGE, GHANA KUMASI LIBRARY | WISCONSIN INTERNATIONAL UNIVERSITY COLLEGE, GHANA KUMASI LIBRARY | nursing | 16/12/2019 | RG951.R477(7.1e) | KSN/998/998/19 | 07/10/2022 | 07/10/2022 | Books |
